Kým nás smrť nerozdelí

Bibliographic Details
Main Author: Steel, Danielle, 1947- (Author)
Other Authors: Lesňák, Rudolf, 1955- (Translator)
Format: Book
Language:Slovak
English
PhysicalDescription:303 s. 22 cm
Published: Bratislava Remedium 1999
ISBN:8085218615
Edition:2. vyd.
Subjects:

MARC

LEADER 00000cam a2200000 a 4500
001 vtls001373762
003 SK-MaSNL
005 20260302071341.0
008 240226s1999 xo r 000 f slo
015 |a SNBA2000/01-00064 
020 |a 8085218615 
035 |a SNK000327634 
035 |a urn:nbn:sk:snk-amkk3z 
035 |a urn:nbn:sk:snk-am008i1q 
035 |a A9636365-8C76-475A-92C7-DA95E4669A35 
040 |a SNK  |b slo  |a SNK  |e AACR2  |c SNK 
041 1 |a slo  |h eng 
044 |a xo  |c SK 
080 |a 820 (73)-3  |2 1981 
100 1 |a Steel, Danielle,  |d 1947-  |4 aut  |9 192175 
240 1 0 |a Now and forever  |l Slovensky 
245 1 0 |a Kým nás smrť nerozdelí  |c Danielle Steel ; [z anglického originálu Now and forever ... preložil Rudolf Lesňák] 
250 |a 2. vyd. 
260 |a Bratislava  |b Remedium  |c 1999 
300 |a 303 s.  |c 22 cm 
655 7 |a americké romány  |2 SNKPH  |9 1174 
700 1 |a Lesňák, Rudolf,  |d 1955-  |4 trl  |9 199054 
919 |a 80-85218-61-5 
954 |a beletria cudzojazyčná (svetová)  |2 lita 
958 |a OND 
958 |a TL 
958 |a UP 
958 |a NS 
958 |a LX 
958 |a US 
968 |b ENG 
999 |c 1151678  |d 1153608 
952 |t P60, <03>, [BOOK], {603}  |a SNK  |b SNK  |y PREZ  |7 0  |p 17A0212702  |o snkSC 99712  |i snkKSP 9678/99  |0 0  |1 0  |4 0  |d 1999-10-06  |f 1  |l 0  |r 2025-09-19 00:00:00  |w 2026-02-24 
952 |a SNK  |b SNK  |y PREZ  |7 0  |p 17A0649837  |o snkSC 99712 D1  |i snk2010/5422  |8 3  |g 4.00  |0 0  |1 0  |4 0  |d 2010-03-17  |l 0  |r 2026-02-24 20:05:29  |w 2026-02-24